Professional Communication / (Record no. 592970)
[ view plain ]
| 000 -LEADER | |
|---|---|
| fixed length control field | 00621nam a22001457a 4500 |
| 020 ## - INTERNATIONAL STANDARD BOOK NUMBER | |
| International Standard Book Number | 978-81-269-1752-5 |
| 040 ## - CATALOGING SOURCE | |
| Transcribing agency | NUST |
| 082 ## - DEWEY DECIMAL CLASSIFICATION NUMBER | |
| Classification number | 658.45,SIN |
| 100 ## - MAIN ENTRY--PERSONAL NAME | |
| Personal name | Singh, Priyanka |
| 9 (RLIN) | 107258 |
| 245 ## - TITLE STATEMENT | |
| Title | Professional Communication / |
| Statement of responsibility, etc. | Priyanka Singh |
| 260 ## - PUBLICATION, DISTRIBUTION, ETC. | |
| Place of publication, distribution, etc. | India |
| Name of publisher, distributor, etc. | Atlantic |
| Date of publication, distribution, etc. | 2013 |
| 300 ## - PHYSICAL DESCRIPTION | |
| Extent | xii,298 p; |
| 505 ## - FORMATTED CONTENTS NOTE | |
| Formatted contents note | Unit -1: Basic of Technical Communication (Page-3), unit-2: Constituents of Technical Written Communication (Page-41), Unit-3: Form of Technical Communication (Page-139), Unit-4: Presentation Strategies (Page-237), Unit-5: Value Based Text Readings (Page-255). |
| 942 ## - ADDED ENTRY ELEMENTS (KOHA) | |
| Source of classification or shelving scheme | |
| Koha item type | Book |
| Call number prefix | 658.45,SIN |
| Withdrawn status | Lost status | Source of classification or shelving scheme | Damaged status | Not for loan | Permanent Location | Current Location | Shelving location | Date acquired | Total Checkouts | Full call number | Barcode | Date last seen | Price effective from | Koha item type | Public note |
|---|---|---|---|---|---|---|---|---|---|---|---|---|---|---|---|
| Military College of Signals (MCS) | Military College of Signals (MCS) | General Stacks | 01/20/2023 | 658.45,SIN | MCS37696 | 01/20/2023 | 01/20/2023 | Book | Almirah No.55, Shelf No.2 |
